Movies of 2000 Quiz Stats

 Plays Quiz Updated Oct 18, 2018

Score 0/16 Timer 06:00
117 Plays Today
Picture Movie % Correct
X-Men
91.4%
Cast Away
88.9%
Scary Movie
81.4%
Gladiator
80.1%
Bring It On
74%
How the Grinch Stole Christmas
72.4%
The Emperor's New Groove
69.2%
Erin Brockovich
68.7%
Picture Movie % Correct
Crouching Tiger, Hidden Dragon
65.8%
American Psycho
59%
Meet the Parents
57.2%
Memento
55.9%
Dude, Where's My Car?
54.5%
Almost Famous
46.7%
Snatch.
45.3%
Requiem for a Dream
26%

You're not logged in!

Compare scores with friends on all Sporcle quizzes.
OR
Log In

Sporcle TV

Today on Sporcle TV


Watch our educational content, quiz creation guides, and fun videos on Sporcle TV.

Show Comments

Extras

Top Quizzes Today


Score Distribution

Your Account Isn't Verified!

In order to create a playlist on Sporcle, you need to verify the email address you used during registration. Go to your Sporcle Settings to finish the process.

Report this User

Report this user for behavior that violates our Community Guidelines.

Details: